000 00669nam a22002177a 4500
999 _c159970
_d159970
005 20190111125423.0
006 a|||||f|||| 00| 0
007 tc
008 180720b xxu||||| |||| 00| 0 eng d
010 _aB-218367-B-218370
020 _c16.00
035 _aB-218367
037 _bA.I.C.B.
082 _a000
245 _aQuiz
260 _aNew Delhi
_bA.C.I.B.
_cN.D.
270 _aSector-5, Rohini,
_b New Delhi
_e110085
300 _aPt-III, various pages.
_c30cm(HB).
942 _2ddc
_cBRLEN
_h000
_mQUI